[Event "Mechanics' Shipman TNM; G/2 d/5"]
[Site "San Francisco"]
[Date "2018.08.28"]
[Round "4.27"]
[White "Chan, John"]
[Black "Marcus, Joel"]
[Result "1/2-1/2"]
[WhiteElo "1510"]
[BlackElo "1900"]
[PlyCount "54"]
[EventDate "2018.??.??"]
[Source "ChessBase"]
[SourceDate "2007.09.04"]

1. d4 d6 2. Nf3 Bg4 3. h3 Bxf3 4. exf3 Nf6 5. Nc3 g6 6. Be3 Bg7 7. Qd2 O-O 8.
Bd3 Nc6 9. a3 e5 10. d5 Ne7 11. Bg5 Qd7 12. Bxf6 Bxf6 13. O-O Bg7 14. Rad1 Nf5
15. Ne4 a6 16. c4 Nd4 17. Qg5 f6 18. Qc1 f5 19. Ng3 Rae8 20. Rfe1 e4 21. fxe4
f4 22. Ne2 Nf3+ 23. gxf3 Qxh3 24. Nxf4 Qxf3 25. Qe3 Rxf4 26. Qxf3 Rxf3 27. Kg2
Rf4 {and later drawn. Remaining moves unavailable.} 1/2-1/2

[Event "Mechanics' Bedjanian TNM; G/2 d/5"]
[Site "San Francisco"]
[Date "2018.12.04"]
[Round "7.19"]
[White "Chan, John"]
[Black "McKellar, Daniel"]
[Result "0-1"]
[WhiteElo "1546"]
[BlackElo "1878"]
[PlyCount "164"]
[EventDate "2018.??.??"]
[Source "ChessBase"]
[SourceDate "2007.09.04"]

1. d4 d5 2. Nf3 Nf6 3. h3 c5 4. c3 Nc6 5. Nbd2 Bf5 6. e3 e6 7. Bb5 a6 8. Bxc6+
bxc6 9. O-O Bd6 10. dxc5 Bxc5 11. b4 Bd6 12. Nd4 Bd3 13. Re1 O-O 14. N2b3 Bc4
15. Na5 c5 16. Nb7 Qc7 17. Nxd6 Qxd6 18. bxc5 Qxc5 19. a4 Rfc8 20. Ba3 Qa5 21.
Bb4 Qc7 22. a5 Ne4 23. Rc1 Rab8 24. Qg4 Qe5 25. f4 Qf6 26. Nf3 Qg6 27. Ne5 Qxg4
28. hxg4 Bb5 29. g5 Rc7 30. Nf3 Rbc8 31. Nd4 Bc4 32. g4 Nc5 33. Bxc5 Rxc5 34.
Ra1 Bd3 35. f5 exf5 36. gxf5 Rxc3 37. f6 gxf6 38. gxf6 h6 39. Ra2 Kh7 40. Rh2
Rg8+ 41. Rg2 Rg6 42. Kh2 Rxf6 43. Reg1 Rg6 44. Rxg6 fxg6 45. Kg3 Ra3 46. Kf4
Rxa5 47. Rc1 Bc4 48. Ke5 Ra3 49. Re1 Rd3 50. Kf6 Rd2 51. Ke7 h5 52. Ne6 Rg2 53.
Nf4 Kh6 54. Ne6 Rg4 55. Kf6 Bd3 56. Nd8 Bf5 57. Nf7+ Kh7 58. Ra1 Bc8 59. Rb1
Rc4 60. Rb8 Rc6+ 61. Kg5 Kg7 62. Ne5 Rf6 63. Nd3 Bf5 64. Nf4 Rd6 65. Rb7+ Rd7
66. Rb6 d4 67. exd4 Rxd4 68. Rxa6 Rd1 69. Nxh5+ gxh5 70. Kxf5 Rg1 71. Ra7+ Kg8
72. Kf6 h4 73. Ra8+ Kh7 74. Ra7+ Kh6 75. Ra8 Rf1+ 76. Ke5 Kg5 77. Rg8+ Kh5 78.
Ke4 h3 79. Ke3 Kh4 80. Ke2 Rf7 81. Rg1 h2 82. Rg8 Rh7 0-1

[Event "Mechanics' Bedjanian TNM; G/2 d/5"]
[Site "San Francisco"]
[Date "2018.10.23"]
[Round "1.4"]
[White "Chan, John"]
[Black "Mont-Reynaud, Jordy"]
[Result "0-1"]
[WhiteElo "1546"]
[BlackElo "2246"]
[PlyCount "72"]
[EventDate "2018.??.??"]
[Source "ChessBase"]
[SourceDate "2007.09.04"]

1. d4 Nf6 2. Nf3 g6 3. Nc3 d5 4. h3 Bg7 5. Bf4 O-O 6. e3 c5 7. Be2 Nc6 8. O-O
Ne4 9. Bd3 cxd4 10. exd4 f5 11. Rb1 Nxd4 12. Bxe4 fxe4 13. Nxd4 Rxf4 14. Nde2
Rf5 15. Nxe4 b6 16. N4g3 Rf8 17. Re1 e5 18. c3 Bb7 19. Qb3 h5 20. Rbd1 Kh8 21.
Qc2 Qg5 22. Qd2 Qf6 23. Rf1 h4 24. Nh1 Kh7 25. Qc2 Rac8 26. Qa4 Rc4 27. Qxa7
Rf7 28. Qa3 Qg5 29. Qb3 d4 30. g4 Bd5 31. Qb5 e4 32. Nxd4 e3 33. Ne6 Rxg4+ 34.
hxg4 Qxg4+ 35. Ng3 exf2+ 36. Rxf2 Qxg3+ 0-1

[Event "Mechanics' Summer TNM; G/2 d/5"]
[Site "San Francisco"]
[Date "2018.07.03"]
[Round "6.27"]
[White "Chan, John"]
[Black "Perlov, Alexander"]
[Result "0-1"]
[WhiteElo "1522"]
[BlackElo "1662"]
[PlyCount "90"]
[EventDate "2018.??.??"]
[Source "ChessBase"]
[SourceDate "2007.09.04"]

1. d4 Nf6 2. Nf3 e6 3. a3 b6 4. Nc3 Bb7 5. Bg5 Be7 6. Bxf6 Bxf6 7. e4 O-O 8.
Bd3 d6 9. h4 Nd7 10. g4 g6 11. g5 Bg7 12. h5 c5 13. dxc5 Nxc5 14. Qd2 Rc8 15.
Qe2 a6 16. Qe3 d5 17. hxg6 hxg6 18. Nd4 dxe4 19. Qh3 Re8 20. Bc4 Qxd4 21. Be2
e3 22. Qh7+ Kf8 23. Rh4 exf2+ 24. Kf1 Qe3 25. Rg4 Red8 26. Qh4 Bf3 27. Bxf3
Qxf3 28. Rf4 Qh5 29. Qxh5 gxh5 30. Rxf2 Ke7 31. Re1 Bxc3 32. bxc3 Rd5 33. Rg2
Rg8 34. Rb1 b5 35. Rb4 Rgxg5 36. Rf2 Rgf5 37. c4 bxc4 38. Rxc4 Rxf2+ 39. Kxf2
Kd6 40. Kf3 e5 41. Rh4 Ke6 42. Ke3 e4 43. Rh1 f5 44. Kf4 Kf6 45. Rxh5 Ne6+ 0-1

[Event "Mechanics' Bedjanian TNM; G/2 d/5"]
[Site "San Francisco"]
[Date "2018.12.18"]
[Round "9.20"]
[White "Chan, John"]
[Black "Smith III, Robert"]
[Result "0-1"]
[WhiteElo "1546"]
[BlackElo "1819"]
[Annotator "Winslow,Elliott"]
[PlyCount "122"]
[EventDate "2018.??.??"]
[Source "ChessBase"]
[SourceDate "2007.09.04"]

1. d4 d5 2. Nf3 Nf6 3. h3 c6 4. c3 Nbd7 5. Bg5 Ne4 6. Bf4 Ndf6 7. Bh2 g6 8. e3
Bg7 9. Bd3 O-O 10. Na3 a6 11. O-O e6 12. Qc2 Bd7 13. Rac1 Rc8 14. c4 c5 15. Ne5
cxd4 16. exd4 Bh6 17. Rcd1 Qa5 18. Nxd7 Nxd7 19. Bxe4 dxe4 20. Qxe4 Qb6 21. b3
Nf6 22. Qe2 Rfd8 23. c5 Qc6 24. Nc4 Nd5 25. Qd3 Nf4 26. Bxf4 Bxf4 27. Rfe1 Bc7
28. a4 Rd5 29. Qe4 Rcd8 30. Ne3 Rxc5 31. Qxc6 Rxc6 32. d5 exd5 33. Nxd5 Rcd6
34. Ne3 Rxd1 35. Rxd1 Rxd1+ 36. Nxd1 Be5 37. Kf1 b5 38. axb5 axb5 39. Ke2 Kf8
40. Kd3 Ke8 41. Ke4 Bd6 42. g4 f6 43. f4 Kd7 44. f5 Kc6 45. Ne3 Kc5 46. Nd5 Be5
{[#]} 47. h4 $2 (47. fxg6 hxg6 48. g5 Kd6 49. gxf6 Ke6 50. f7 Bd6 51. Nc7+ Kxf7
52. Nxb5 $11) 47... gxf5+ 48. gxf5 h5 49. Ne7 Bg3 50. Ng6 Kb4 51. Kd5 Kxb3 52.
Ke6 Kc3 $4 (52... Ka4) (52... Kc4) (52... Ka2) 53. Kxf6 b4 54. Ke6 b3 55. f6 b2
56. f7 b1=Q 57. f8=Q Qxg6+ 58. Kd5 $4 (58. Qf6+ Qxf6+ 59. Kxf6 $11) 58... Qd3+
59. Kc6 Qc4+ 60. Kd7 Qb5+ 61. Ke6 Qc6+ 0-1

[Event "Mechanics' Summer TNM; G/2 d/5"]
[Site "San Francisco"]
[Date "2018.05.29"]
[Round "1.14"]
[White "Chan, John"]
[Black "Steger, Eric"]
[Result "0-1"]
[WhiteElo "1522"]
[BlackElo "1964"]
[PlyCount "119"]
[EventDate "2018.??.??"]
[Source "ChessBase"]
[SourceDate "2007.09.04"]

1. d4 d6 2. e4 Nf6 3. Nc3 g6 4. h3 Bg7 5. Nf3 c6 6. Bd3 Qc7 7. Bf4 Nh5 8. Bh2
e5 9. d5 O-O 10. g4 Nf6 11. Qd2 c5 12. b3 a6 13. a4 Qa5 14. Ne2 Qc7 15. c4 b6
16. Nc3 Nbd7 17. Rb1 Bb7 18. Bg3 h5 19. g5 Nh7 20. Ne2 f6 21. h4 Qd8 22. Neg1
fxg5 23. hxg5 Rf7 24. Qe3 Bf8 25. Be2 Be7 26. Nh3 Ndf8 27. Bh4 Bc8 28. Nfg1 Bd7
29. Rh2 Qe8 30. Rg2 Rg7 31. Rg3 b5 32. cxb5 axb5 33. axb5 Bxb5 34. Kf1 Ra3 35.
Qd2 Qb8 36. Kg2 Bd8 37. Qd1 Bxe2 38. Nxe2 Qb4 39. Qc2 Rb7 40. Rc3 Qb5 41. Re3
Ba5 42. Nc3 Bxc3 43. Rxc3 Rba7 44. Ng1 R7a5 45. Ne2 Ra2 46. Rb2 Qa6 47. Rc4 Nd7
48. Nc3 Rxb2 49. Qxb2 Nb6 50. Qe2 Nxc4 51. bxc4 Ra3 52. Nb5 Ra2 53. Qd3 Ra1 54.
Qh3 Nf8 55. Qb3 Rc1 56. Bg3 Qa5 57. Qe3 Qa1 58. Bh2 Rh1 59. Qe2 Re1 60. Qf3 {
Black went on to win. Remaining moves unavailable.} 0-1

[Event "Mechanics' Bedjanian TNM; G/2 d/5"]
[Site "San Francisco"]
[Date "2018.11.20"]
[Round "5.35"]
[White "Chan, John"]
[Black "Thibault, William"]
[Result "1-0"]
[WhiteElo "1546"]
[BlackElo "1126"]
[PlyCount "87"]
[EventDate "2018.??.??"]
[Source "ChessBase"]
[SourceDate "2007.09.04"]

1. d4 d5 2. Nf3 e6 3. h3 Nd7 4. Bf4 Bd6 5. Bxd6 cxd6 6. e3 a6 7. Bd3 Ngf6 8. c3
O-O 9. Nbd2 b5 10. O-O Bb7 11. Re1 e5 12. e4 Re8 13. dxe5 dxe5 14. exd5 Bxd5
15. Bf5 Qc7 16. Nf1 Rad8 17. Ne3 Be4 18. Qc1 Nc5 19. Re2 Nd3 20. Qf1 Nf4 21.
Ree1 Bxf5 22. Nxf5 e4 23. N3d4 Nd3 24. Re2 g6 25. Ne3 Nd5 26. Nxd5 Rxd5 27. Rd1
Ree5 28. Rdd2 Rg5 29. Rxe4 Ne5 30. f4 Rg3 31. fxe5 Rxe5 32. Rde2 Rxe4 33. Rxe4
f5 34. Re8+ Kf7 35. Qe1 Kf6 36. h4 Qd7 37. Re6+ Kf7 38. Qxg3 Qxe6 39. Nxe6 Kxe6
40. Qf4 Kf6 41. b4 Kg7 42. Kf2 h6 43. Kf3 g5 44. hxg5 1-0

[Event "Mechanics' Shipman TNM; G/2 d/5"]
[Site "San Francisco"]
[Date "2018.09.11"]
[Round "6.40"]
[White "Chan, John"]
[Black "Thibault, William"]
[Result "1-0"]
[WhiteElo "1510"]
[BlackElo "1202"]
[Annotator "Thibault, Wm"]
[PlyCount "95"]
[EventDate "2018.??.??"]
[Source "ChessBase"]
[SourceDate "2007.09.04"]

1. d4 d5 2. Nf3 Nf6 3. h3 Bf5 4. Nc3 e6 5. a3 Nbd7 6. Bg5 Be7 7. e3 O-O 8. Be2
h6 9. Bh4 c5 10. O-O cxd4 11. exd4 a6 12. Bg3 {White's dark-squared Bishop
will control the h2-b8 diagonal for the duration and cause Black much pain.}
Rc8 $15 {The point of Black's last two moves. White can't push the b-pawn for
the time being.} 13. Bd3 {Black should trade off his bad Bishop now.} Qb6 14.
Bxf5 exf5 15. Qc1 Ne4 $4 {Black thought this was a good place for his Knight,
and planned to bring the other one to f6. But he left the d-pawn hanging,
helpfully arranging White's subsequent Knight fork zwischenzug.} 16. Nxd5 $16
Qd8 17. Nxe7+ Qxe7 18. Bh2 {The Bishop will not cease to annoy Black.} Rfe8 19.
Re1 Qf6 20. c3 Re7 21. Qc2 Rce8 22. Rad1 Ng5 23. Ne5 {Black was wishing in
vain for White to blunder into a back-rank mate. No luck. Black did not
anticipate this move, in another mortifying lapse.} Nf8 {
Black hunkers down for an assault.} (23... Nxe5 {Over the board, capturing
with the Knight didn't look like it would work to Black, but it would be
better than the move played.} 24. dxe5 Qg6 25. Re3 Ne6) (23... f4 {
is Stockfish 9's preferred move -- ECW}) 24. Re3 {
Black feared the Rook lift would be fatal, so tries for counterplay.} (24. Kf1)
(24. f4) (24. f3) 24... f4 {Black hopes to shut down White's control of the
h2-b8 diagonal as well. However, complication is not helpful for Black, a
beginner with severe tactical deficiency syndrome.} 25. Ng4 Qg6 {
Black hopes trading Queens will help calm things down.} 26. Qxg6 Nxg6 {
Taking with the Knight helps support the pawn on f4.} 27. Rxe7 Rxe7 28. Kf1 {
...and Black's irrational hopes for back-rank and 7th-rank action are dashed.}
(28. h4) 28... f3 {Unclogging the diagonal was a bad idea.} 29. gxf3 Nxf3 30.
Bg3 h5 (30... f5) 31. Ne3 h4 32. Bb8 {
The Bishop cannot be displaced from the diagonal.} Re8 33. Bc7 Rc8 34. Nd5 Kf8
$6 (34... Ng5) 35. Rd3 Ng5 36. Re3 Ne6 37. Bd6+ Ke8 {Moving the King onto an
open file with an enemy rook is usually a bad idea, and this is no exception.}
38. Bh2 {The Bishop returns to the batcave.} Rc6 $4 $18 (38... Rd8) 39. Nb4 {
Black is apparently not considering White's replies to his moves at this point.
} Rc8 (39... Rb6) 40. d5 {
Here is the knife thrust, Black tries to hang on but becomes disheartened.} a5
41. Nd3 Ngf8 42. dxe6 Nxe6 43. f4 Kd7 44. Ne5+ Ke7 {
Black should keep his King off the e-file.} 45. f5 f6 $4 (45... Nc5) 46. Ng6+ {
Black has fatal Knight blindness.} Kf7 47. Rxe6 Re8 48. Rb6 1-0

[Event "Mechanics' Winter TNM; G/2 d5"]
[Site "San Francisco"]
[Date "2018.02.20"]
[Round "7.43"]
[White "Chan, John"]
[Black "Wingenroth, Jordan"]
[Result "1/2-1/2"]
[WhiteElo "1655"]
[BlackElo "1400"]
[PlyCount "112"]
[EventDate "2018.??.??"]
[Source "ChessBase"]
[SourceDate "2007.09.04"]

1. d4 d5 2. Nf3 Bf5 3. h3 Nc6 4. a3 Nf6 5. Bf4 h6 6. e3 e6 7. Bb5 Bd6 8. Be5
O-O 9. Bxc6 bxc6 10. Nbd2 Nd7 11. Bxd6 cxd6 12. b4 e5 13. c3 e4 14. Ng1 c5 15.
Ne2 a5 16. Ng3 Bg6 17. b5 a4 18. O-O Qa5 19. c4 cxd4 20. exd4 Rfe8 21. Re1 Nf6
22. Ngf1 Qc3 23. c5 dxc5 24. dxc5 Qxc5 25. Qe2 Rab8 26. Ne3 Qxb5 27. Qd1 Qd3
28. Nef1 d4 29. Qxa4 e3 30. fxe3 dxe3 31. Nf3 e2 32. Ng3 Qe3+ 33. Kh2 Ra8 34.
Qb4 Reb8 35. Qc4 Bd3 36. Qh4 Nd5 37. Qg4 Nf6 38. Qh4 Kh7 39. Ra2 g5 40. Qd4
Qxd4 41. Nxd4 h5 42. Ngxe2 Re8 43. a4 Nd5 44. Raa1 h4 45. a5 Ra6 46. Ra3 Bxe2
47. Rxe2 Rc8 48. Nf3 f6 49. Nd4 Kg6 50. Rf2 Rc5 51. Rfa2 Kf7 52. Nb3 Rb5 53.
Nd4 Rc5 54. Nf3 Rc3 55. Ra4 Rxf3 56. gxf3 Nc3 1/2-1/2

[Event "Mechanics' Winter TNM; G/2 d5"]
[Site "San Francisco"]
[Date "2018.02.06"]
[Round "5.12"]
[White "Chea, Na"]
[Black "Childress, Jason W"]
[Result "0-1"]
[WhiteElo "1681"]
[BlackElo "2039"]
[PlyCount "64"]
[EventDate "2018.??.??"]
[Source "ChessBase"]
[SourceDate "2007.09.04"]

1. d4 d5 2. c4 e6 3. Nc3 c5 4. Nf3 Nc6 5. Bg5 Be7 6. Bxe7 Ngxe7 7. e3 cxd4 8.
Nxd4 O-O 9. Nxc6 bxc6 10. cxd5 cxd5 11. Be2 Qb6 12. Qd2 Rd8 13. O-O Bd7 14. a4
Rab8 15. Rfb1 Nf5 16. g4 Nd6 17. b3 Qb4 18. Qd4 Qxd4 19. exd4 Rb4 20. Ba6 Rxd4
21. b4 Rxg4+ 22. Kf1 d4 23. Nd1 Kf8 24. Be2 Rh4 25. Kg1 Bc6 26. b5 Be4 27. Rc1
d3 28. Bxd3 Rg4+ 29. Kf1 Bxd3+ 30. Ke1 Nc4 31. f3 Rg2 32. Nc3 Nd2 0-1

[Event "Mechanics' Walter Shipman TNM G/2 d/5"]
[Site "San Francisco"]
[Date "2018.10.02"]
[Round "9.18"]
[White "Chea, Na"]
[Black "Drane, Robert"]
[Result "0-1"]
[WhiteElo "1638"]
[BlackElo "1806"]
[PlyCount "78"]
[EventDate "2018.??.??"]
[Source "ChessBase"]
[SourceDate "2007.09.04"]

1. d4 f5 2. c4 Nf6 3. Nf3 e6 4. Nc3 Bb4 5. a3 Bxc3+ 6. bxc3 d6 7. Bf4 O-O 8. e3
Qe7 9. Be2 Nbd7 10. h3 Ne4 11. Qc2 e5 12. Bh2 Ng5 13. O-O Nxf3+ 14. Bxf3 Qg5
15. Kh1 e4 16. Bf4 Qe7 17. Be2 g5 18. Bh2 Nf6 19. c5 d5 20. Be5 c6 21. Bd6 Qf7
22. Bxf8 Qxf8 23. c4 Qh6 24. cxd5 f4 25. dxc6 bxc6 26. exf4 gxf4 27. Bc4+ Kh8
28. f3 e3 29. Qb2 Bf5 30. d5 cxd5 31. Bxd5 Rd8 32. Be4 Bxe4 33. fxe4 Rd2 34.
Qb8+ Kg7 35. Qxf4 Qxf4 36. Rxf4 e2 37. Re1 Rd1 38. e5 Rxe1+ 39. Kh2 Rc1 0-1

[Event "Mechanics' Bedjanian TNM; G/2 d/5"]
[Site "San Francisco"]
[Date "2018.11.13"]
[Round "4.24"]
[White "Chea, Na"]
[Black "Harris, John"]
[Result "0-1"]
[WhiteElo "1626"]
[BlackElo "1800"]
[Annotator "Winslow,Elliott"]
[PlyCount "75"]
[EventDate "2018.??.??"]
[Source "ChessBase"]
[SourceDate "2007.09.04"]

1. Nf3 d5 2. d4 Nf6 3. c4 e6 4. Bg5 Be7 5. Nc3 h6 6. Bh4 b6 7. e3 O-O 8. Bd3
Bb7 9. O-O Nbd7 10. Rc1 c5 11. Qd2 $6 {[#]  So: how to take advantage?} (11.
Qe2 dxc4 12. Bxc4 Ne4 13. Bg3 $1 Nxg3 14. hxg3 Qc7 15. Rfd1 Rad8 16. d5 exd5
17. Nxd5 Bxd5 18. Rxd5 Bf6 (18... Nf6 19. Rf5 {/\ e3-e4, Ne5}) 19. Rcd1 Ne5 20.
b3 Nxc4 (20... Nxf3+ 21. Qxf3 Rxd5 22. Rxd5 Rd8 23. Rf5) 21. bxc4 Qc6 (21...
Rxd5 22. cxd5 c4 23. d6 Qc6 24. e4) 22. e4 $2 (22. Ne5 $1 Qe6 23. Nd7 Rfe8 24.
Rd6 {; 24.Qd3 /\ 25.Rd6}) 22... Qe6 23. Qc2 Rxd5 24. cxd5 Qd6 25. Qa4 Ra8 $1
26. Re1 (26. Nd2 a6 (26... Bd4 27. Nc4 Qxg3 $2 28. Rxd4) 27. Nc4 Qd8 28. e5 b5)
26... Be5 27. Qa6 (27. Nxe5 Qxe5 28. f4 Qc3 29. Kf2 f5 $1) 27... Qc7 28. Qc4 g5
29. Nh2 Qd7 30. Nf3 Qd6 {1/2-1/2 (30) Petrosian,T-Fischer,R Bled/Zagreb/
Belgrade 1959 Candidates [Bulletin]}) (11. cxd5 Nxd5 (11... exd5)) 11... dxc4
$1 12. Bxc4 Bxf3 $1 13. gxf3 Ne5 $1 14. Be2 cxd4 $1 15. exd4 Ng6 16. Bg3 Nd5
17. f4 Bf6 18. Bf3 Nge7 19. Ne4 Rc8 20. Nxf6+ Nxf6 21. f5 Nxf5 22. Be5 Nh4 23.
Bh1 Ng6 24. Rxc8 Qxc8 25. Bxf6 gxf6 26. Qxh6 Qc4 27. Qe3 Qxa2 28. Bf3 Qa4 29.
Kh1 Qd7 30. Rg1 Kh7 31. Bg4 Qd5+ 32. Bf3 Qd6 33. Qe4 f5 34. Qc6 Qf4 35. Qc3 Rd8
36. d5 exd5 37. Rg3 Qe5 38. Qd3 0-1

[Event "Mechanics' Bedjanian TNM; G/2 d/5"]
[Site "San Francisco"]
[Date "2018.12.18"]
[Round "9.17"]
[White "Chea, Na"]
[Black "Mays, Jerry L"]
[Result "1-0"]
[WhiteElo "1626"]
[BlackElo "1700"]
[PlyCount "104"]
[EventDate "2018.??.??"]
[Source "ChessBase"]
[SourceDate "2007.09.04"]

1. d4 d6 2. Nf3 g6 3. Bg5 Nf6 4. Nc3 c6 5. h3 Bg7 6. Qd2 h6 7. Bf4 Bf5 8. e3
Ne4 9. Nxe4 Bxe4 10. Be2 Nd7 11. O-O O-O 12. Ne1 e5 13. dxe5 dxe5 14. Bh2 Qe7
15. f3 Bf5 16. e4 Be6 17. Bg3 f5 18. Bf2 f4 19. Rd1 Rad8 20. Qa5 Ra8 21. a3 b6
22. Qc3 Rac8 23. Bc4 Bxc4 24. Qxc4+ Qf7 25. Qxf7+ Rxf7 26. Rd6 Kh7 27. Nd3 c5
28. Nc1 c4 29. Rfd1 Rc7 30. Na2 Bf8 31. R6d2 Bc5 32. Nc3 Bxf2+ 33. Kxf2 a6 34.
Rd6 Kg7 35. Nd5 Rb7 36. Rc6 a5 37. Rxc4 b5 38. Rc6 b4 39. a4 Nb8 40. Rb6 Rxb6
41. Nxb6 Rc7 42. Rd2 Na6 43. b3 Nc5 44. Nc4 Nxa4 45. Nxe5 Nc5 46. Ke2 Nxb3 47.
cxb3 Rc3 48. Rb2 Re3+ 49. Kd2 Rc3 50. Nd3 g5 51. Nc1 Kf6 52. Rc2 Re3 1-0

[Event "Mechanics' Bedjanian TNM; G/2 d/5"]
[Site "San Francisco"]
[Date "2018.12.04"]
[Round "7.16"]
[White "Chea, Na"]
[Black "Pham, Tam Phu"]
[Result "0-1"]
[WhiteElo "1626"]
[BlackElo "1775"]
[PlyCount "68"]
[EventDate "2018.??.??"]
[Source "ChessBase"]
[SourceDate "2007.09.04"]

1. d4 Nf6 2. c4 c5 3. d5 e6 4. Nc3 exd5 5. cxd5 d6 6. e4 g6 7. Nf3 Bg7 8. Bd3
O-O 9. O-O Bg4 10. h3 Bxf3 11. Qxf3 a6 12. a4 Nh5 13. Be3 Qc7 14. Qe2 Nd7 15.
Qc2 c4 16. Be2 Nhf6 17. Rac1 Rab8 18. b4 b5 19. a5 Rfe8 20. f3 Nh5 21. Bf2 Nf4
22. Kh2 Bxc3 23. Qxc3 Nxe2 24. Qd2 Nxc1 25. Rxc1 Ne5 26. Bd4 Qe7 27. Qh6 Qf8
28. Qg5 f6 29. Qg3 Rbd8 30. h4 Qh6 31. Rc3 Qd2 32. h5 Qxd4 33. f4 Qxe4 34. Re3
Ng4+ 0-1

[Event "Mechanics' Winter TNM; G/2 d5"]
[Site "San Francisco"]
[Date "2018.02.27"]
[Round "8.46"]
[White "Chen, Bryant Alan"]
[Black "Capdeville, Barry"]
[Result "1-0"]
[WhiteElo "1523"]
[BlackElo "1173"]
[PlyCount "65"]
[EventDate "2018.??.??"]
[Source "ChessBase"]
[SourceDate "2007.09.04"]

1. d4 d5 2. c4 e6 3. Nf3 Nf6 4. Nc3 Be7 5. Bg5 O-O 6. e3 Nbd7 7. Bf4 Bd6 8.
Bxd6 cxd6 9. cxd5 exd5 10. a4 a6 11. b4 b6 12. Qb3 Bb7 13. Bd3 Re8 14. O-O Nf8
15. Ng5 Ne6 16. Nh3 Nf8 17. Nf4 Ne4 18. Rfc1 Nxc3 19. Rxc3 Rc8 20. Rac1 Rxc3
21. Rxc3 Qg5 22. Rc7 Re7 23. Rxe7 Qxe7 24. Nxd5 Bxd5 25. Qxd5 Nd7 26. Bxa6 Nf6
27. Qc6 Qd8 28. a5 bxa5 29. bxa5 h6 30. Qa4 Nd5 31. Bf1 Nc3 32. Qa1 Nb5 33.
Bxb5 1-0

[Event "Mechanics' Winter TNM; G/2 d5"]
[Site "San Francisco"]
[Date "2018.01.30"]
[Round "4.53"]
[White "Chen, Bryant Alan"]
[Black "Cendejas, Jon"]
[Result "1-0"]
[WhiteElo "1523"]
[BlackElo "422"]
[PlyCount "81"]
[EventDate "2018.??.??"]
[Source "ChessBase"]
[SourceDate "2007.09.04"]

1. d4 d5 2. c4 e6 3. Nf3 Nc6 4. Nc3 Nf6 5. Bf4 Bd6 6. Bxd6 Qxd6 7. c5 Qe7 8. e3
O-O 9. Bd3 e5 10. Nxe5 Nxe5 11. dxe5 Qxe5 12. O-O Qg5 13. f4 Qh6 14. Be2 Be6
15. h3 Qg6 16. g4 Rad8 17. f5 Bxf5 18. Rxf5 h6 19. Qb3 d4 20. Nd5 Nxd5 21. Rxd5
Rxd5 22. Qxd5 dxe3 23. Qxb7 Qc2 24. Qb5 c6 25. Qc4 Qxb2 26. Rf1 Qe5 27. Kg2 g6
28. Rf3 h5 29. gxh5 Qxh5 30. Rxe3 Qg5+ 31. Rg3 Qf6 32. h4 Kg7 33. Kh3 Qf5+ 34.
Rg4 Re8 35. Kg2 f6 36. Bd3 Qd5+ 37. Qxd5 cxd5 38. Rxg6+ Kf7 39. h5 Re3 40. Bb5
Rc3 41. c6 1-0

[Event "Mechanics' Winter TNM; G/2 d5"]
[Site "San Francisco"]
[Date "2018.01.16"]
[Round "2.39"]
[White "Chen, Bryant Alan"]
[Black "Malykin, Erika"]
[Result "0-1"]
[WhiteElo "1523"]
[BlackElo "1590"]
[PlyCount "118"]
[EventDate "2018.??.??"]
[Source "ChessBase"]
[SourceDate "2007.09.04"]

1. d4 Nf6 2. c4 e5 3. dxe5 Ng4 4. e3 Nxe5 5. Nf3 Nbc6 6. Be2 Bb4+ 7. Bd2 Bxd2+
8. Qxd2 d6 9. h3 Be6 10. b3 O-O 11. Nc3 f5 12. Nd4 Qe7 13. Nxe6 Qxe6 14. f4 Ng6
15. Kf2 Nce7 16. g3 c6 17. Bf3 Rad8 18. h4 h6 19. Ne2 d5 20. Qb4 dxc4 21. Nd4
Qf7 22. Qxb7 cxb3 23. Nxb3 Qf6 24. Qxa7 Qb2+ 25. Be2 Ra8 26. Qd7 Rxa2 27. Rxa2
Qxa2 28. Rc1 Rb8 29. Qe6+ Kh7 30. Nd4 Qxe6 31. Nxe6 Nf8 32. Nxf8+ Rxf8 33. Ba6
Kg6 34. Kf3 Ra8 35. Bc4 Kf6 36. e4 fxe4+ 37. Kxe4 Nf5 38. Kf3 c5 39. h5 Rc8 40.
g4 Nd6 41. Ke3 Re8+ 42. Kf3 Rc8 43. Bd5 c4 44. Ke3 Ke7 45. Kd4 Nb5+ 46. Ke5 c3
47. g5 Rc5 48. Ke4 hxg5 49. fxg5 Nc7 50. Ba2 Rxg5 51. Rxc3 Ne8 52. Kf4 Rxh5 53.
Rg3 Rh6 54. Kg5 Nd6 55. Kf4 Kf6 56. Bb1 Rh4+ 57. Rg4 g5+ 58. Kg3 Rh8 59. Bc2
Re8 {and Black won. Remaining moves unavailable.} 0-1

[Event "Mechanics' Winter TNM; G/2 d5"]
[Site "San Francisco"]
[Date "2018.02.13"]
[Round "6.43"]
[White "Chen, Bryant Alan"]
[Black "Revi, Frank"]
[Result "0-1"]
[WhiteElo "1523"]
[BlackElo "1256"]
[PlyCount "52"]
[EventDate "2018.??.??"]
[Source "ChessBase"]
[SourceDate "2007.09.04"]

1. d4 Nf6 2. c4 e6 3. Nf3 c5 4. e3 Nc6 5. Nc3 d5 6. Qc2 Be7 7. Bd3 Nb4 8. Qe2
O-O 9. O-O Nxd3 10. Qxd3 a6 11. a4 Qc7 12. b3 Bd7 13. Ne5 Bc6 14. Ba3 b6 15. b4
cxb4 16. Bxb4 Bxb4 17. Rfb1 Bd6 18. f4 Bb7 19. Qe2 Rac8 20. g4 dxc4 21. e4 Nd7
22. Nxd7 Qxd7 23. e5 Be7 24. Qf2 f6 25. Rxb6 fxe5 26. dxe5 Bc5 0-1

[Event "Mechanics' Summer TNM; G/2 d5"]
[Site "San Francisco"]
[Date "2018.07.10"]
[Round "7.14"]
[White "Chen, Mingson"]
[Black "Matz, James I"]
[Result "1/2-1/2"]
[WhiteElo "1903"]
[BlackElo "1742"]
[PlyCount "32"]
[EventDate "2018.??.??"]
[Source "ChessBase"]
[SourceDate "2007.09.04"]

1. e4 c5 2. Nc3 Nc6 3. g3 d6 4. Bg2 Nf6 5. d3 g6 6. Nh3 Bg7 7. O-O O-O 8. Nf4
Rb8 9. a4 a6 10. h3 b5 11. axb5 axb5 12. Ncd5 Nxd5 13. Nxd5 Bb7 14. c3 e6 15.
Ne3 Qc7 16. f4 Ne7 1/2-1/2

[Event "Mechanics' Summer TNM; G/2 d5"]
[Site "San Francisco"]
[Date "2018.06.05"]
[Round "2.16"]
[White "Chen, Mingson"]
[Black "Tobiason, Wolfgang"]
[Result "1-0"]
[WhiteElo "1903"]
[BlackElo "1280"]
[PlyCount "40"]
[EventDate "2018.??.??"]
[Source "ChessBase"]
[SourceDate "2007.09.04"]

1. d4 d5 2. c4 Nf6 3. cxd5 Qxd5 4. Nc3 Qa5 5. Nf3 Bf5 6. e3 e6 7. Bd3 Bg4 8.
Qb3 Qb6 9. Qa4+ c6 10. Ne5 Bd6 11. f3 Bh5 12. f4 O-O 13. O-O Qb4 14. Qc2 Bg6
15. Bd2 Bxd3 16. Qxd3 Nbd7 17. a3 Qb6 18. Rfd1 Qc7 19. Rac1 Nd5 20. Nxd5 exd5 {
Sorry -- Scoresheet impossible .....} 1-0

[Event "Mechanics' Summer TNM; G/2 d/5"]
[Site "San Francisco"]
[Date "2018.06.19"]
[Round "4.9"]
[White "Chen, Mingson"]
[Black "Wong, Russell"]
[Result "0-1"]
[WhiteElo "1903"]
[BlackElo "2200"]
[PlyCount "46"]
[EventDate "2018.??.??"]
[Source "ChessBase"]
[SourceDate "2007.09.04"]

1. d4 Nf6 2. c4 e6 3. Nc3 Bb4 4. e3 c5 5. Bd3 Nc6 6. Nf3 d5 7. O-O O-O 8. a3
Bxc3 9. bxc3 b6 10. cxd5 Qxd5 11. Nd2 cxd4 12. cxd4 e5 13. Bc4 Qa5 14. Qf3 Bd7
15. d5 Ne7 16. e4 Rac8 17. Qb3 {[#]} b5 18. Be2 Rxc1 19. Raxc1 Qxd2 20. Bxb5
Bxb5 21. Qxb5 Nxe4 22. Qb7 Nf5 23. Rc6 Nfd6 {Score lost} 0-1